000 00560nam a2200181Ia 4500
003 GCL
008 140319s9999 xx 000 0 ara d
040 _aGCL /
_cGCL
082 0 4 _a621.942
_bد ف
100 1 _aديمينتيف، بروشتين
245 1 0 _aفن الخراطة /
_cديمينتيف، بروشتين
260 _a[S.N] :
_bدار مير للطباعة والنشر ،
_c1983
300 _a611 ص ؛
_c24 سم
650 0 4 _aالخراطة
650 0 4 _aاشغال المعادن
650 0 4 _aالمخارط - انواع
942 _2ddc
_cBK
999 _c5484
_d5484